| 000 | 00372cam a2200145ua 4500 | ||
|---|---|---|---|
| 041 |
_aeng _h |
||
| 082 |
_a627.54 _bFRE/WA |
||
| 100 | _aFreeman, William . | ||
| 245 |
_aWater supply and Drainage / _cWilliam Freeman. _hTextual Documents |
||
| 260 |
_aLondon : _bSir Isaac Pitman & Sons Ltd , _c1945. |
||
| 300 | _a ; . | ||
| 504 | _a | ||
| 942 | _cBK | ||
| 999 |
_c1143 _d1143 |
||